Bruce Springsteen Uk Top 75 Hits - Statistics

General Stats
  • This quiz has been taken 155 times
  • The average score is 9 of 25
Answer Stats
Chart Position Year Answer % Correct
#5 1985 Born in the USA
96%
#4 1984 Dancing in the Dark
84%
#2 1994 Streets of Philadelphia
67%
#17 1985 Glory Days
58%
#5 1985 I'm on Fire
56%
#35 1981 The River
56%
#28 1980/1995 Hungry Heart
55%
#45 1987 Tunnel of Love
52%
#20 1987 Brilliant Disguise
40%
#11 1992 Human Touch
40%
#9 1985 My Hometown
40%
#16 1984 Cover Me
36%
#13 1988 Tougher Than the Rest
30%
#26 1996 The Ghost of Tom Joad
26%
#17 1995/1997 Secret Garden
24%
#39 2002 Lonesome Day
21%
#34 1992 Better Days
18%
#54 1987 Fire
11%
#18 1986 War
11%
#9 1985/2007 Santa Claus is Coming to Town
10%
#32 1988 Spare Parts
10%
#46 1992 Leap of Faith
5%
#32 1992 57 Channels (And Nothin' on)
4%
#16 1987 Born to Run (Live)
2%
#48 1993 Lucky Town (Live)
0%
No matching quizzes found
Score Distribution
Percent of People with Each Score
Percentile by Number Answered
Your Score History
You have not taken this quiz